00402cam a22001337a 4500008004000000020001500040082001700055100001700072245006000089260005300149300001000202650001800212650003800230180718b1996 xxu||||| |||| 00| 0 eng d a8121101298 aY4x54 Sh23fo aSharma, H.C. aForest settlements in Himachal Pradeshcby. H.C. Sharma aDehra DunbBishan Singh Mahendra Pal Singhc1996 a244p. aForest policy aForest - India - Himachal Pradesh